ARRUPE JESUIT UNIVERSITY

CORONAVIRUS -STOP THE SPREAD - CLEAN,DISINFECT,COVER

Politics in Kenya (Record no. 59719)

MARC details
000 -LEADER
fixed length control field 00591nam a2200241Ia 4500
003 - CONTROL NUMBER IDENTIFIER
control field 0100
008 - FIXED-LENGTH DATA ELEMENTS--GENERAL INFORMATION
fixed length control field 130303s9999 xx 000 0 und d
040 ## - CATALOGING SOURCE
Transcribing agency ARRUPELIB
050 ## - LIBRARY OF CONGRESS CALL NUMBER
Classification number JQ2947.A91J66 2004
300 ## - PHYSICAL DESCRIPTION
Other physical details 158p. 23 cm.
100 ## - MAIN ENTRY--PERSONAL NAME
Personal name Jonyo, Fred
245 ## - TITLE STATEMENT
Title Politics in Kenya
245 ## - TITLE STATEMENT
Remainder of title a perspective
260 ## - PUBLICATION, DISTRIBUTION, ETC. (IMPRINT)
Place of publication, distribution, etc Nairobi
260 ## - PUBLICATION, DISTRIBUTION, ETC. (IMPRINT)
Name of publisher, distributor, etc Azinger Limited
260 ## - PUBLICATION, DISTRIBUTION, ETC. (IMPRINT)
-- 2004
300 ## - PHYSICAL DESCRIPTION
Extent vii
650 ## - SUBJECT ADDED ENTRY--TOPICAL TERM
Topical term following geographic name as entry element Missions, Dutch--Africa, East
650 ## - SUBJECT ADDED ENTRY--TOPICAL TERM
Location of event Nationalism--Africa, East
650 ## - SUBJECT ADDED ENTRY--TOPICAL TERM
Active dates Africa, East--Politics
700 ## - ADDED ENTRY--PERSONAL NAME
Personal name Owuoche, Solomon
942 ## - ADDED ENTRY ELEMENTS (KOHA)
Source of classification or shelving scheme Library of Congress Classification
Koha issues (borrowed), all copies 1
Holdings
Withdrawn status Lost status Source of classification or shelving scheme Damaged status Not for loan Collection code Home library Current library Shelving location Date acquired Total Checkouts Full call number Barcode Date last seen Date checked out Copy number Price effective from Koha item type
    Library of Congress Classification     Main Collection ARRUPE LIBRARY ARRUPE LIBRARY   05/03/2013 7 JQ2947.A91J66 2004 46003091947 02/07/2018 15/03/2018 1 05/03/2013 Monograph ( Printed materials)

 

Arrupe Library. PO Box MP320 Mt Pleasant, Harare, Zimbabwe
263 242 745411|librarian@aju.ac.zw